The Doctor of Who - Statistics

General Stats
  • This quiz has been taken 45 times
    13 since last reset
  • The average score is 30 of 86
Answer Stats
Year Answer % Correct
2009–2010 The End of Time
58%
1964 The Keys of Marinus
58%
1964* The Keys of Marinus
58%
1966 The Power of the Daleks
58%
2022 The Power of the Doctor
58%
1963* The Cave of Skulls
50%
1971 The Claws of Axos
50%
2005 The End of the World
50%
1967 The Evil of the Daleks
50%
1978 The Invasion of Time
50%
2017 The Lie of the Land
50%
1974 The Monster of Peladon
50%
2005* The Parting of the Ways
50%
1964 The Reign of Terror
50%
1969 The Seeds of Death
50%
1967 The Tomb of the Cybermen
50%
1968 The Web of Fear
50%
2006* The Age of Steel
42%
1978 The Androids of Tara
42%
1975 The Brain of Morbius
42%
1984 The Caves of Androzani
42%
1989 The Curse of Fenric
42%
1972 The Curse of Peladon
42%
2011 The Curse of the Black Spot
42%
2013 The Day of the Doctor
42%
2017 The Eaters of Light
42%
1967–1968 The Enemy of the World
42%
1977 The Face of Evil
42%
2008 The Fires of Pompeii
42%
2024 The Legend of Ruby Sunday
42%
1976 The Masque of Mandragora
42%
2013 The Name of the Doctor
42%
1978–1979 The Power of Kroll
42%
1964* The Roof of the World
42%
1976 The Seeds of Doom
42%
1978 The Stones of Blood
42%
1977 The Talons of Weng-Chiang
42%
2013 The Time of the Doctor
42%
2009 The Waters of Mars
42%
1970 The Ambassadors of Death
33%
2018 The Battle of Ranskoor av Kolos
33%
2013 The Bells of Saint John
33%
1964* The Brink of Disaster
33%
1964 The Edge of Destruction
33%
1964* The Edge of Destruction
33%
2007* The Family of Blood
33%
1963* The Forest of Fear
33%
1976 The Hand of Fear
33%
2020 The Haunting of Villa Diodati
33%
2015 The Husbands of River Song
33%
1981 The Keeper of Traken
33%
1985 The Mark of the Rani
33%
1971 The Mind of Evil
33%
2017 The Pyramid at the End of the World
33%
2016 The Return of Doctor Mysterio
33%
2013 The Rings of Akhaten
33%
1964* The Snows of Terror
33%
2007* The Sound of Drums
33%
2014 In the Forest of the Night
25%
2013 Journey to the Centre of the TARDIS
25%
1964 The Dalek Invasion of Earth
25%
1979–1980 The Horns of Nimon
25%
2012 The Power of Three
25%
1977 The Robots of Death
25%
1964* The Sea of Death
25%
2010* The Time of Angels
25%
1986 The Trial of a Time Lord
25%
2010 The Vampires of Venice
25%
1964* The Wall of Lies
25%
2011 The Wedding of River Song
25%
1964* The Bride of Sacrifice
17%
1964* The Day of Darkness
17%
1965* The Death of Doctor Who
17%
1966* The Destruction of Time
17%
1965* The Feast of Steven
17%
1966* The Hall of Dolls
17%
1966 The Massacre of St. Bartholomew’s Eve
17%
1965* The Planet of Decision
17%
1964* The Temple of Evil
17%
1964* The Warriors of Death
17%
1965* The Death of Time
8%
1965* The Dimensions of Time
8%
1964* The End of Tomorrow
8%
1965* The Knight of Jaffa
8%
1964* The Tyrant of France
8%
1965* The Wheel of Fortune
8%
No matching quizzes found
Score Distribution
Percent of People with Each Score
Percentile by Number Answered
Your Score History
You have not taken this quiz since the last reset